| 000 | 01716nam a2200265Ia 4500 | ||
|---|---|---|---|
| 003 | Ost | ||
| 005 | 20260507075421.0 | ||
| 008 | 260507s9999||||xx |||||||||||||| ||und|| | ||
| 020 | _a978995797067 | ||
| 040 | _cfsecg | ||
| 041 | _aara | ||
| 082 | _a330 | ||
| 100 |
_aبوحرود، فتيحة _eمؤلف |
||
| 245 | 0 |
_aإدارة الجودة في منظمات الأعمال : _bالنظرية والتطبيق / _c فتيحة بوحرود |
|
| 260 |
_aعمان: _bدار المسيرة, _c2015 |
||
| 300 |
_a352 صفحة؛ _bإيضاحات ؛ _c25 سم |
||
| 504 | _aالمراجع ص.335 | ||
| 520 | _aيحتوي المفاهيم الأساسية للجودة، إدارة الجودة في المؤسسة، إدارة الجودة الشاملة، المداخل الفكرية للجودة الشاملة، إدارة الجودة و التغيير التنظيمي، دور القيادة الادارية في تطبيق ادارة الجودة الشاملة، المنظور الاستراتيجي للجودة الشاملة، التحسين المستمر للجودة، إدارة الموارد البشرية في ظل ادارة الجودة الشاملة، العلاقة مع الموردين في ظل ادارة الجودة الشاملة، إدارة العلاقة مع العملاء في ظل إدارة الجودة الشاملة، إدارة تكاليف الجودة، أساليب السيطرة على الجودة، الانحراف السداسي، مواضيع مختارة. | ||
| 653 | _aإدارة الجودة | ||
| 653 | _aالإيزو | ||
| 653 | _aالمؤسسات | ||
| 653 | _aضبط الجودة | ||
| 653 | _aمنظمات الأعمال | ||
| 942 | _cكتاب | ||
| 999 |
_c44468 _d44468 |
||